000 00662nam a2200277Ia 4500
008 160803s9999 xx 000 0 und d
020 _a0 439717000
100 _aMartin, Ann M.
245 2 _aA dog's life :
245 _bthe autobiography of a stray /
245 _cby Ann M. Martin.
260 _aNew York :
260 _bScholastic Inc.
260 _c2005
300 _a182 pages ;
300 _c20 cm
500 _a"Apple signature."
650 _aDogs --
650 _aDogs --
650 _aDogs.
650 _aOrphaned animals --
650 _xFiction.
650 _xFiction.
650 _xJuvenile fiction.
700 _a870
999 _c298532
_d298532